Größte Stadt in jedem Regierungsbezirk - Statistiken

Allgemein
  • Dieses Quiz wurde 4.672 mal gespielt
    4.631 seit der letzten Aktualisierung
  • Das Durchschnittsergebnis liegt bei 11 aus 19
Antwortstatistiken
Bezirk Größte Stadt % Korrekt
Mittelfranken Nürnberg
86%
Oberbayern München
84%
Stuttgart Stuttgart
84%
Köln Köln
82%
Düsseldorf Düsseldorf
81%
Freiburg Freiburg im Breisgau
80%
Münster Münster
76%
Kassel Kassel
74%
Gießen Gießen
65%
Darmstadt Frankfurt am Main
58%
Schwaben Augsburg
56%
Karlsruhe Mannheim
53%
Unterfranken Würzburg
49%
Oberpfalz Regensburg
41%
Oberfranken Bamberg
35%
Detmold Bielefeld
32%
Arnsberg Dortmund
28%
Tübingen Ulm
28%
Niederbayern Landshut
25%
Keine übereinstimmenden Quizze gefunden
Verteilung der Resultate
Anzahl Personen mit jedem Resultat
Perzentil nach korrekt beantworteten Fragen
Ihre Resultats-Entwicklung
Sie haben dieses Quiz seit der letzten Aktualisierung nicht gespielt